Čo treba vedieť o podávaní daňového priznania k dani z príjmov právnických osôb za rok 2003

Vymedzenie príjmov, ktoré sú predmetom dane a ktoré sú od dane oslobodené. Špecifické ustanovenia týkajúce sa základu dane z príjmov právnických osôb. Sadzby dane z príjmov právnických osôb. Spoločné ustanovenia týkajúce sa vyčíslenia základu dane z príjmov. Transformácia nákladov účtovaných v účto...

Descrizione completa

Salvato in:
Dettagli Bibliografici
Autore principale: Borodovčák, Michal
Natura: Capitolo di libro
Lingua:slovacco
Soggetti:
Tags: Aggiungi Tag
Nessun Tag, puoi essere il primo ad aggiungerne!!

MARC

LEADER 00000naa$a2200000$$$4500
001 0004616
005 20231109111335.1
041 0 |a slo 
044 |a SK 
245 1 0 |a Čo treba vedieť o podávaní daňového priznania k dani z príjmov právnických osôb za rok 2003  |c aut. Michal Borodovčák 
520 |a Vymedzenie príjmov, ktoré sú predmetom dane a ktoré sú od dane oslobodené. Špecifické ustanovenia týkajúce sa základu dane z príjmov právnických osôb. Sadzby dane z príjmov právnických osôb. Spoločné ustanovenia týkajúce sa vyčíslenia základu dane z príjmov. Transformácia nákladov účtovaných v účtovníctve daňovníka na výdavky uznané pri vyčíslení základu dane z príjmov. Náklady účtované daňovníkom, ktoré nie sú daňovými výdavkami. Odpisy hmotného a nehmotného majetku. Položky znižujúce vyčíslený základ dane z príjmov právnických osôb. Úľavy na dani z príjmov právnických osôb. Platba preddavkov na daň na zdaňovacie obdobie roku 2004. Poukázanie podielu zo zaplatenej dane na verejnoprospešné účely. 
610 2 0 |a priznania daňové 
610 2 0 |a osoby právnické 
610 2 0 |a dane z príjmov 
610 2 0 |a sadzby daňové 
610 2 0 |a účtovanie 
610 2 0 |a účtovanie nákladov 
610 2 0 |a majetok hmotný 
610 2 0 |a majetok nehmotný 
100 1 |a Borodovčák, Michal